000 01095nam a2200313 i 4500
003 EG-GICUC
005 20260420211018.0
008 260416s1995 ua |||fr|||| 00| 0bara d
017 _a95/5066
040 _a EG-GICUC
_bara
_c EG-GICUC
_d EG-GICUC
_erda
041 0 _aara
082 0 4 _221
_a343.3
_bق ا
092 0 4 _221
099 _aLaw1 10 343.3 ق ا 1995
245 0 0 _aقانون الإجراءات الجنائية وحالات إجراءات الطعن بالنقض وفقا لأحدث التعديلات.
264 0 _a[القاهرة] :
_c1995.
300 _a187 صفحة؛
_c22 سم.
336 _2rda content
_atext
337 _2rda media
_aComputer
338 _2rda carrier
_aOnline Resource
490 0 _aالمحاماة
504 _aيشتمل على إرجاعات ببليوجرافية
546 _aالنص باللغة العربية
650 1 4 _aقانون الإجراءات الجنائية
650 1 4 _aالقانون الجنائى
856 4 0 _uhttps://fll.law.cu.edu.eg/fulltext/bks/B10-09858.pdf
905 _a164
942 _2ddc
_cBK
_e21
_n0
999 _c71402
_d71402